Wildlife crime (Record no. 111243)

MARC details
000 -LEADER
fixed length control field 00962cad a22002175a 4500
001 - CONTROL NUMBER
control field E151229
008 - FIXED-LENGTH DATA ELEMENTS--GENERAL INFORMATION
fixed length control field 101007e20100908xxkb f s000 0 eng d
035 ## - SYSTEM CONTROL NUMBER
System control number (Sirsi) u151229
041 0# - LANGUAGE CODE
Language code of text/sound track or separate title eng
100 1# - MAIN ENTRY--PERSONAL NAME
Personal name Edwards, Tom
245 00 - TITLE STATEMENT
Title Wildlife crime
Medium [electronic resource]
260 ## - PUBLICATION, DISTRIBUTION, ETC.
Place of publication, distribution, etc. Edinburgh
Name of publisher, distributor, etc. Scottish Parliament
Date of publication, distribution, etc. 2010
490 #0 - SERIES STATEMENT
Series statement SPICe Briefing
Volume/sequential designation (10/55) 8 September 2010
520 ## - SUMMARY, ETC.
Summary, etc. Discusses the definition of a wildlife crime and looks at the main legislation dealing with wildlife crimes. Also gives statistics on the incidence of wildlife crime and considers the initiative Partnership for Action on Wildlife Crime (PAW).
521 ## - TARGET AUDIENCE NOTE
Target audience note Advanced
590 ## - LOCAL NOTE (RLIN)
Local note KA
651 #4 - SUBJECT ADDED ENTRY--GEOGRAPHIC NAME
Geographic name Scotland
Chronological subdivision 1999-
690 ## - LOCAL SUBJECT ADDED ENTRY--TOPICAL TERM (OCLC, RLIN)
Topical term or geographic name as entry element ENVIRONMENTAL AND LAND CONSULTANCY-ENVIRONMENTAL MANAGEMENT
856 40 - ELECTRONIC LOCATION AND ACCESS
Uniform Resource Identifier <a href="https://www.scottish.parliament.uk/business/research/briefings-10/SB10-55.pdf">https://www.scottish.parliament.uk/business/research/briefings-10/SB10-55.pdf</a>
Public note View the briefing free of charge at www.scottish.parliament.uk
942 ## - ADDED ENTRY ELEMENTS (KOHA)
Suppress in OPAC 0
Holdings
Withdrawn status Lost status Source of classification or shelving scheme Damaged status Not for loan Home library Current library Shelving location Date acquired Total Checkouts Full call number Barcode Date last seen Copy number Price effective from Koha item type
    Dewey Decimal Classification     Virtual Virtual Online 07/10/2010   ONLINE PUBLICATION 151229-2001 06/08/2019 1 06/08/2019 Book